00449 2200181 4500001002100000005001500021008004100036020002200077035001900099041000700118082001200125090001800137100001800155245003000173260003000203300001900233650001500252INLIS00000000000546420241224113114241224||||||||| | ||| |||| || |  a978-979-066-099-1 0010-1224005464 aid0 a297.161 a297.161 RID s0 aRidwan Abqary00a101 Info Tentang Al-Quran aBandungbDari Mizanc2010 a64 hlm.; 24 cm 0aIlmu Agama